Zero carbon for new non-domestic buildings (Record no. 111786)

MARC details
000 -LEADER
fixed length control field 01264cad a22002175a 4500
001 - CONTROL NUMBER
control field L151996
008 - FIXED-LENGTH DATA ELEMENTS--GENERAL INFORMATION
fixed length control field 110120s2010 xxk f 000 0 eng d
020 ## - INTERNATIONAL STANDARD BOOK NUMBER
International Standard Book Number 9781409825999
035 ## - SYSTEM CONTROL NUMBER
System control number (Sirsi) u151996
041 0# - LANGUAGE CODE
Language code of text/sound track or separate title eng
050 04 - LIBRARY OF CONGRESS CALL NUMBER
Classification number 333.72 $2 18
110 2# - MAIN ENTRY--CORPORATE NAME
Corporate name or jurisdiction name as entry element United Kingdom
Subordinate unit Department for Communities and Local Government
9 (RLIN) 4939
245 00 - TITLE STATEMENT
Title Zero carbon for new non-domestic buildings
Remainder of title consultation on policy options, summary of responses
Medium [electronic resource]
260 ## - PUBLICATION, DISTRIBUTION, ETC.
Place of publication, distribution, etc. London
Name of publisher, distributor, etc. DCLG
Date of publication, distribution, etc. 2010
520 ## - SUMMARY, ETC.
Summary, etc. The Department for Communities and Local Government (DCLG) issued a consultation document, Zero carbon for new non-domestic buildings, in November 2009; the consultation related to proposals for working towards the ambition that all new non-domestic buildings should be zero carbon from 2019, with the public sector leading the way from 2018; the consultation closed in February 2010 and this report provides a summary of the responses.
590 ## - LOCAL NOTE (RLIN)
Local note KA NTK
651 #4 - SUBJECT ADDED ENTRY--GEOGRAPHIC NAME
Geographic name United Kingdom
Chronological subdivision
690 ## - LOCAL SUBJECT ADDED ENTRY--TOPICAL TERM (OCLC, RLIN)
Topical term or geographic name as entry element ENVIRONMENTAL AND LAND CONSULTANCY-ENERGY-ENERGY USE-ENERGY EFFICIENCY
856 40 - ELECTRONIC LOCATION AND ACCESS
Uniform Resource Identifier <a href="https://www.communities.gov.uk/documents/planningandbuilding/pdf/1804259.pdf">https://www.communities.gov.uk/documents/planningandbuilding/pdf/1804259.pdf</a>
Public note View this item free of charge at www.communities.gov.uk
942 ## - ADDED ENTRY ELEMENTS (KOHA)
Suppress in OPAC 0
Holdings
Withdrawn status Lost status Source of classification or shelving scheme Damaged status Not for loan Home library Current library Shelving location Date acquired Total Checkouts Full call number Barcode Date last seen Copy number Price effective from Koha item type
    Dewey Decimal Classification     Virtual Virtual Online 20/01/2011   ONLINE PUBLICATION 151996-1001 06/08/2019 1 06/08/2019 Book